Marketing internacional /
Contenido: I) El entorno internacional: 1. La necesidad del marketing internacional; 2. Organismos internacionales del comercio y la política comercial estadounidense; 3. El entorno cultural; 4. El entorno económico; 5. El entorno financiero; 6. El entorno político y jurídico; II) Inicio de las acti...
Tallennettuna:
| Päätekijä: | |
|---|---|
| Muut tekijät: | |
| Aineistotyyppi: | Kirja |
| Kieli: | espanja |
| Julkaistu: |
México :
Prentice-Hall,
1996, c1996
|
| Aiheet: | |
| Tagit: |
Ei tageja, Lisää ensimmäinen tagi!
|
MARC
| LEADER | 00000nam^a2200000^a^4500 | ||
|---|---|---|---|
| 001 | 000166888 | ||
| 005 | 20250521000000.0 | ||
| 009 | 20260310101106.836 | ||
| 020 | |a 970-26-0261-0 | ||
| 037 | |a Acervo ITESO - Biblioteca | ||
| 041 | |a ESP | ||
| 082 | |a 658. 848 |b CZI | ||
| 100 | |a Czinkota, Michael R. |e (autor) | ||
| 240 | 1 | 1 | |a [Marketing internacional] |
| 245 | 1 | 0 | |a Marketing internacional / |c M.R. Czinkota, I.A. Ronkainen ; tr. por Frank Witman Piersol. |
| 264 | 4 | |a México : |b Prentice-Hall, |c 1996, c1996 | |
| 300 | |a XXXIII, 665, 2, 25, 819 p., [16] il. + |e 1 disco compacto de computadora | ||
| 336 | |a texto |b txt |2 rdacontenido | ||
| 337 | |a sin mediación |b n |2 rdamedio | ||
| 338 | |a volumen |b nc |2 rdasoporte | ||
| 500 | |a Traducción de: International Marketing | ||
| 520 | |a Contenido: I) El entorno internacional: 1. La necesidad del marketing internacional; 2. Organismos internacionales del comercio y la política comercial estadounidense; 3. El entorno cultural; 4. El entorno económico; 5. El entorno financiero; 6. El entorno político y jurídico; II) Inicio de las actividades de marketing internacional: 7. Construcción de la base de conocimientos; 8. El proceso de exportación; 9. Intermediarios, franquicias y licencias de exportación; 10. Adaptación del producto; 11. Estrategias para la fijación del precio de exportación; 12. Comunicaciones internacionales; 13. Canales y estrategias de distribución; III) Administración del marketing global: 14. Planeación estratégica global; 15. Expansión en el mercado global; 16. Administración de productos y marcas; 17. Marketing de servicios; 18. Estrategias globales de fijación de precios; 19. Logística y administración del canal de abastecimiento; 20. Estrategias de promoción global; 21. Organización, ejecución y control del marketing; IV) Transiciones del marketing internacional: 22. El futuro. | ||
| 590 | |a Traducción de la 6a edición en inglés | ||
| 649 | |a XX | ||
| 650 | |a Transnacionales - |x Administración | ||
| 650 | |a Negocios en Internet | ||
| 650 | |a Competencia Internacional (Economía) | ||
| 650 | |a Política Comercial | ||
| 650 | |a Investigación de Mercado | ||
| 650 | |a Comunicación Organizacional | ||
| 650 | |a Promoción del Producto | ||
| 650 | |a Distribución del Producto | ||
| 650 | |a Mezcla de Mercadotecnia | ||
| 650 | |a Planeación Estratégica | ||
| 650 | |a Estrategia Mercadotécnica | ||
| 650 | |a Globalización | ||
| 650 | |a Comercio Internacional - |x Tema Principal | ||
| 650 | |a Mercadotecnia de Servicios | ||
| 650 | |a Mercadotecnia de Exportación - |x Tema Principal | ||
| 650 | |a Mercadotecnia | ||
| 650 | |a Ciencias Administrativas | ||
| 700 | |a Ronkainen, Ilkka A. |e (autor) | ||
| 910 | |a Fondo General | ||
| 920 | |a Impresos - Libros | ||
| 930 | |a Colección General | ||
| 905 | |a 101 | ||
| 901 | |a 0500102675 |b IT1 |c ACC |u 20250521 | ||
| 901 | |a 0500102681 |b IT2 |c SWS |u 20250521 | ||
| 902 | |a https://opac.biblio.iteso.mx/vufind/Record/000166888 | ||